Club drugs / (Record no. 41182)
[ view plain ]
| 000 -LEADER | |
|---|---|
| fixed length control field | 00781cam a22002414a 4500 |
| 001 - CONTROL NUMBER | |
| control field | vtls003030401 |
| 003 - CONTROL NUMBER IDENTIFIER | |
| control field | MY-SjTCS |
| 005 - DATE AND TIME OF LATEST TRANSACTION | |
| control field | 20200306163324.0 |
| 008 - FIXED-LENGTH DATA ELEMENTS--GENERAL INFORMATION | |
| fixed length control field | 110218s2005 miu b 001 0 eng |
| 020 ## - INTERNATIONAL STANDARD BOOK NUMBER | |
| International Standard Book Number | 073771607X (hbk.) |
| 039 #9 - LEVEL OF BIBLIOGRAPHIC CONTROL AND CODING DETAIL [OBSOLETE] | |
| Level of rules in bibliographic description | 201102181443 |
| Level of effort used to assign nonsubject heading access points | VLOAD |
| Level of effort used to assign subject headings | 201008251436 |
| Level of effort used to assign classification | haizir |
| Level of effort used to assign subject headings | 200609231045 |
| Level of effort used to assign classification | eunice |
| -- | 200609121250 |
| -- | meena |
| 082 04 - DEWEY DECIMAL CLASSIFICATION NUMBER | |
| Classification number | 362.299 |
| Item number | CLU |
| 245 00 - TITLE STATEMENT | |
| Title | Club drugs / |
| Statement of responsibility, etc. | Karen F. Balkin, book editor. |
| 260 ## - PUBLICATION, DISTRIBUTION, ETC. | |
| Place of publication, distribution, etc. | Detroit : |
| Name of publisher, distributor, etc. | Greenhaven Press, |
| Date of publication, distribution, etc. | c2005. |
| 300 ## - PHYSICAL DESCRIPTION | |
| Extent | 96 p. ; |
| Dimensions | 24 cm. |
| 440 #0 - SERIES STATEMENT/ADDED ENTRY--TITLE | |
| Title | At issue |
| 9 (RLIN) | 82666 |
| 650 #0 - SUBJECT ADDED ENTRY--TOPICAL TERM | |
| Topical term or geographic name entry element | Ecstasy (Drug) |
| 9 (RLIN) | 21992 |
| 650 #0 - SUBJECT ADDED ENTRY--TOPICAL TERM | |
| Topical term or geographic name entry element | Designer drugs. |
| 9 (RLIN) | 21993 |
| 650 #0 - SUBJECT ADDED ENTRY--TOPICAL TERM | |
| Topical term or geographic name entry element | Designer drugs |
| General subdivision | Law and legislation. |
| 9 (RLIN) | 231342 |
| 650 #0 - SUBJECT ADDED ENTRY--TOPICAL TERM | |
| Topical term or geographic name entry element | Drug abuse. |
| 9 (RLIN) | 231343 |
| 700 1# - ADDED ENTRY--PERSONAL NAME | |
| Personal name | Balkin, Karen, |
| Dates associated with a name | 1949- |
| Relator term | (ed.) |
| 9 (RLIN) | 231344 |
| 920 ## - Programme | |
| Programme | GEN : 106700 |
| Withdrawn status | Lost status | Source of classification or shelving scheme | Damaged status | Not for loan | Collection code | Home library | Current library | Date acquired | Total Checkouts | Barcode | Date last seen | Date last checked out | Copy number | Koha item type | Public note |
|---|---|---|---|---|---|---|---|---|---|---|---|---|---|---|---|
| Withdrawn | Dewey Decimal Classification | Please fill up online form at https://taylorslibrary.taylors.edu.my/services/external_storage1 | TC External Storage | TC External Storage | 06/04/2009 | 16 | 5000074657 | 05/12/2019 | 22/05/2015 | 1 | Main Collection | GENxx,GENxx,02,GR |